Problèmes kantiens
Saved in:
| Hovedforfatter: | |
|---|---|
| Format: | Bog |
| Sprog: | fransk |
| Udgivet: |
París
J. Vrin
1970
|
| Udgivelse: | 2a. ed |
| Fag: | |
| Tags: |
Tilføj Tag
Ingen Tags, Vær først til at tagge denne postø!
|
MARC
| LEADER | 00000nam a2200000 a 4500 | ||
|---|---|---|---|
| 001 | UCZ4803 | ||
| 003 | CL-VaPUC | ||
| 008 | 951110e19700000FR |||||||||||||||||fre|d | ||
| 082 | 0 | 4 | |a 141 |b WEI |2 21 |
| 100 | 0 | |a Weil, Eric |e author |9 348796 | |
| 245 | 1 | 0 | |a Problèmes kantiens |
| 250 | |a 2a. ed | ||
| 300 | |a 174 p | ||
| 942 | |c BK | ||
| 945 | |d 19951110 00:00:00 |a lriquelm | ||
| 260 | |a París |b J. Vrin |c 1970 | ||
| 650 | 0 | |a Idealismo |9 265685 | |
| 650 | 0 | |a Escuelas filosóficas |9 266232 | |
| 650 | 0 | |a Filosofía alemana |9 265002 | |
| 650 | 0 | |a Teoría del conocimiento |9 255038 | |
| 650 | 7 | |a SER |2 CL-VaPUC |9 320176 | |
| 650 | 0 | |a Creencia |9 334586 | |
| 650 | 0 | |a Historia |9 255047 | |
| 650 | 0 | |a Política |9 255312 | |
| 650 | 0 | |a Religión |9 255164 | |
| 650 | 0 | |a Ética |9 255099 | |
| 583 | |a last modification |c 19951110 00:00:00 |k Rodrigo Vera | ||
| 999 | |c 241168 |d 241166 | ||
| 952 | |0 0 |1 0 |4 0 |6 141_000000000000000_WEI_1970 |7 0 |8 P |9 253350 |a BIBEDU |b BIBEDU |c BIBEDU_PB |d 2019-11-19 |i 159981K |o 141 WEI 1970 |p 159981K |r 2024-01-25 |w 2019-11-19 |y BK |k FIL | ||